| 000 | 01410cam a2200337 a 4500 | ||
|---|---|---|---|
| 001 | 5724 | ||
| 003 | FISKH | ||
| 005 | 20250116115126.0 | ||
| 008 | 120824s2013 nyua j b 001 0 eng | ||
| 010 | _a 2012034321 | ||
| 020 | _a9780531236031 (library binding) | ||
| 020 | _a9780531219614 | ||
| 020 | _a053123603X (library binding) | ||
| 020 | _a9780531219614 (pbk.) | ||
| 020 | _a0531219615 (pbk.) | ||
| 040 |
_aDLC _cDLC _dDLC _beng |
||
| 050 | _aTD170.M35 | ||
| 082 | _a363.70973 | ||
| 100 | 1 | _aMara, Wil. | |
| 245 | 1 | 0 |
_aEnvironmental protection / _cby Wil Mara. |
| 260 |
_aNew York : _bScholastic, _c2013. |
||
| 300 |
_a64 pages : _bcolor illustrations ; _c23 cm |
||
| 490 | 0 | _aCornerstones of freedom | |
| 504 | _aIncludes bibliographical references (p. 61) and index. | ||
| 520 | _aThe relationship between human progress and its effect on the natural environment has long been a contentious issue. This book details the history of the environmental movement in the United States, from its first stirrings in the writings of Henry David Thoreau and George Perkins Marsh to recent debates over climate change and energy sources. | ||
| 650 | 0 |
_aEnvironmental protection _zUnited States _vJuvenile literature. |
|
| 651 | 0 |
_aUnited States _xEnvironmental conditions _vJuvenile literature. |
|
| 906 |
_a7 _bcbc _corignew _d1 _eecip _f20 _gy-gencatlg |
||
| 942 |
_2ddc _cBK _n0 |
||
| 999 |
_c5724 _d5724 |
||